000 00334 a2200157 4500
001 176770
020 _a
040 _cMagnum
100 _aMarques, Amadeu
240 1 0 _aTheres no smoke...
_lING
245 1 0 _aTheres no smoke...
362 0 _a1899
440 1 _aÁtica
697 _aMAGNITO: LITERATURA ESTRANGEIR
942 _cBK
999 _c176770
_d176770